Draft statutes of the International Advisory Committee for Biosphere Reserves. (Record no. 16729)
[ view plain ]
| 000 -CABECERA | |
|---|---|
| campo de control de longitud fija | 00626nam a2200205 a 4500 |
| 005 - FECHA Y HORA DE LA ÚLTIMA TRANSACCIÓN | |
| campo de control | 20250805063906.0 |
| 008 - ELEMENTOS DE LONGITUD FIJA--INFORMACIÓN GENERAL | |
| campo de control de longitud fija | 991125s1991 fr 000 0 eng u |
| 035 ## - NÚMERO DE CONTROL DEL SISTEMA | |
| Número de control de sistema | UPN01000016729 |
| 049 ## - COLECCIÓN | |
| Colección | UNE |
| 050 #4 - SIGNATURA TOPOGRÁFICA DE LA BIBLIOTECA DEL CONGRESO | |
| Número de clasificación | AS4 |
| Número de documento/Ítem | U6.5c 1991 |
| 111 2# - ASIENTO PRINCIPAL--NOMBRE DE REUNION | |
| Nombre de congreso/reunión o jurisdicción como elemento de entrada | UNESCO. |
| Unidad subordinada | Session |
| Número del congreso/reunión o número de parte o sección | (138a : |
| Fecha del congreso/reunión | 1991 : |
| Sede del congreso/Lugar de la reunión | Paris) |
| 245 10 - MENCIÓN DE TÍTULO | |
| Título | Draft statutes of the International Advisory Committee for Biosphere Reserves. |
| 260 ## - PUBLICACIÓN, DISTRIBUCIÓN, ETC. | |
| Lugar de publicación, distribución, etc. | París : |
| Nombre del editor, distribuidor, etc. | UNESCO, |
| Fecha de publicación, distribución, etc. | 1991. |
| 300 ## - DESCRIPCIÓN FÍSICA | |
| Extensión | [4] p. |
| 440 #0 - MENCIÓN DE SERIE/ASIENTO SECUNDARIO--TÍTULO | |
| Título | Executive board ; |
| Designación de volumen o secuencia | 138.EX4 |
| 500 ## - NOTA GENERAL | |
| Nota general | "Item 7.2.1 of the provisional agenda" |
| 610 24 - ASIENTO SECUNDARIO DE MATERIA - NOMBRE CORPORATIVO | |
| Nombre de entidad corporativa o nombre de jurisdicción como elemento de entrada | Unesco |
| 9 (RLIN) | 22938 |
| 650 #2 - ASIENTO SECUNDARIO DE MATERIA - TERMINO TEMATICO | |
| Término de materia o nombre geográfico como elemento de entrada | Espacio exterior |
| 9 (RLIN) | 8094 |
| 905 ## - TIPO DE MATERIAL | |
| Tipo de material | Libro |
| Estado de retiro | Estado de pérdida | Fuente del sistema de clasificación o colocación | Estado dañado | No para préstamo | Código de colección | Localización permanente | Ubicación/localización actual | Ubicación en estantería | Total de préstamos | Clasificación | Código de barras | Fecha visto por última vez | Número de copia | Tipo de ítem Koha |
|---|---|---|---|---|---|---|---|---|---|---|---|---|---|---|
| Library of Congress Classification | UNESCO | UNESCO | Bib. Gregorio Torres Quintero | Bib. Gregorio Torres Quintero | UNESCO | AS4 U6.5c 1991 | 98840 | 31/12/2020 | 1 | Libro |
